000 00982nam a2200265 a 4500
008
020 _a9556130322 (hbk.)
090 0 _aG156.5CUL
245 0 0 _aCultural tourism :
_btourism at world heritage sites : the site manager's handbook /
_cthe ICOMOS International Committee on Cultural Tourism.
246 3 0 _aTourism at world heritage sites.
246 1 4 _aTourism at world heritage cultural sites.
260 _aMadrid, Spain :
_bWorld Tourism Organization,
_cc1993.
300 _a132 p. :
_bill. (some col.), maps ;
_c30 cm.
504 _aIncludes bibliographical references.
650 0 _aHeritage tourism.
650 0 _aHistoric sites
_xConservation and restoration.
710 2 _aInternational Committee on Cultural Tourism.
710 2 _aWorld Tourism Organization.
907 _a.b10192530
_b24-01-07
_c16-02-06
003
005 20230120131031.0
040 _cNUST
049 _aMAIN
942 _cBOOKS
_kG156.5CUL
999 _c95674
_d95674